[Event "ROM-ch U10"]
[Site "Baile Felix"]
[Date "2017.02.06"]
[Round "6"]
[White "Stan, Anghel Cristian"]
[Black "Pascu, Darian Horia"]
[Result "1-0"]
[WhiteElo "1197"]
[BlackElo "1108"]
[PlyCount "129"]
[EventDate "2017.02.02"]
[EventType "swiss"]
[EventRounds "9"]
[EventCountry "ROU"]
[SourceTitle "CBM 176 Extra"]
[Source "ChessBase"]
[SourceDate "2017.03.02"]
[SourceVersion "1"]
[SourceVersionDate "2017.03.02"]
[SourceQuality "1"]

1. d4 c5 2. e3 Nf6 3. Nf3 g6 4. g3 Bg7 5. Bg2 0-0 6. 0-0 d6 7. Nbd2 Nc6 8. b3 b6 9. Bb2 Bb7 10. e4 Qd7 11. Re1 Nb4 12. Qb1 Ne8 13. a3 Na6 14. d5 Bxb2 15. Qxb2 Ng7 16. c4 f5 17. e5 f4 18. e6 Qc7 19. Re4 fxg3 20. fxg3 Rf6 21. Rh4 Raf8 22. Ng5 h5 23. Nde4 Rf5 24. g4 Rf4 25. Bh3 Qd8 26. Rf1 Qe8 27. Ng3 Rxf1+ 28. Bxf1 Rf4 29. Bd3 Rxg4 30. Rxg4 hxg4 31. Nf7 Qf8 32. Bxg6 Nc7 33. Nh5 Nce8 34. Nh6+ Kh8 35. Bxe8 Kh7 36. Qxg7+ Qxg7 37. Nxg7 Kxg7 38. Nxg4 a6 39. Ne3 Kf8 40. Bh5 b5 41. cxb5 axb5 42. Bf3 b4 43. axb4 cxb4 44. h4 Kg7 45. Kg2 Ba6 46. Nc2 Bd3 47. Nxb4 Bb5 48. Nc6 Kf6 49. h5 Bd3 50. Kg3 Bh7 51. b4 Bd3 52. Kg4 Bf5+ 53. Kh4 Kg7 54. b5 Bd3 55. b6 Ba6 56. Kg5 Kh7 57. Be4+ Kg7 58. h6+ Kg8 59. Nxe7+ Kh8 60. Kg6 Bd3 61. b7 Bxe4+ 62. Kf6 Bg6 63. b8Q+ Kh7 64. Qg8+ Kxh6 65. Qxg6# 1-0

[Event "ROM-ch U10"]
[Site "Baile Felix"]
[Date "2017.02.04"]
[Round "3"]
[White "Pascu, Darian Horia"]
[Black "Carp, David Albert"]
[Result "1-0"]
[WhiteElo "1108"]
[BlackElo "1024"]
[PlyCount "59"]
[EventDate "2017.02.02"]
[EventType "swiss"]
[EventRounds "9"]
[EventCountry "ROU"]
[SourceTitle "CBM 176 Extra"]
[Source "ChessBase"]
[SourceDate "2017.03.02"]
[SourceVersion "1"]
[SourceVersionDate "2017.03.02"]
[SourceQuality "1"]

1. e4 e5 2. Nf3 Nc6 3. Bc4 Nf6 4. d3 Be7 5. Be3 d6 6. Nbd2 Bg4 7. 0-0 0-0 8. Qe2 Nb4 9. Rac1 b5 10. c3 bxc4 11. cxb4 cxd3 12. Qxd3 Bxf3 13. Nxf3 d5 14. exd5 Nxd5 15. Nxe5 Bxb4 16. Nc6 Qd6 17. Nxb4 Nxb4 18. Qxd6 cxd6 19. a3 Nd3 20. Rc2 Rac8 21. Rxc8 Rxc8 22. Bd4 Rc4 23. Bc3 d5 24. Rd1 Nf4 25. Kf1 h5 26. g3 Nh3 27. Rxd5 g6 28. Kg2 Rh4 29. Rd8+ Kh7 30. Rh8# 1-0